München Quiz - Statistiken

Allgemein
  • Dieses Quiz wurde 454 mal gespielt
  • Das Durchschnittsergebnis liegt bei 3 aus 5
Antwortstatistiken
Frage Antwort % Korrekt
In welchem Bundesland liegt Müchen? Bayern
100%
Welcher dieser Fußballvereine von München war noch nie in der Bundesliga? Bayern München II
86%
Von welcher Partei ist der Bürgermeister von München? SPD
71%
Wie viele Einwohner hat München? Unter 1.500.000
34%
Wie viele U-Bahn Stationen hat München? 100
26%
Keine übereinstimmenden Quizze gefunden
Verteilung der Resultate
Anzahl Personen mit jedem Resultat
Perzentil nach korrekt beantworteten Fragen
Ihre Resultats-Entwicklung
Sie haben dieses Quiz noch nicht gespielt